000
00288nam a2200121Ia 4500
008
190216s9999||||xx |||||||||||||| ||und||
100
_a
Frank Finch
245
0
_a
Concise Encyclopedia Of Management Techniques
260
_b
Null
_c
1972
300
_a
323p
650
_a
Commerce
942
_c
BK
999
_c
4271
_d
4271